CURRENT MEDICAL DIAGNOSIS & TREATMENT - 2026 (Record no. 33821)

MARC details
000 -LEADER
fixed length control field 00388nam a22001697a 4500
003 - CONTROL NUMBER IDENTIFIER
control field SGT
020 ## - INTERNATIONAL STANDARD BOOK NUMBER
International Standard Book Number 9781266850035
082 ## - DEWEY DECIMAL CLASSIFICATION NUMBER
Classification number 616.024
Item number C26P
100 ## - MAIN ENTRY--PERSONAL NAME
Personal name PAPADAKIS, MAXINE A.
245 ## - TITLE STATEMENT
Title CURRENT MEDICAL DIAGNOSIS & TREATMENT - 2026
Remainder of title CMDT
250 ## - EDITION STATEMENT
Edition statement 2026
260 ## - PUBLICATION, DISTRIBUTION, ETC. (IMPRINT)
Place of publication, distribution, etc USA
Name of publisher, distributor, etc MC GRAW HILL
Year of Publication 2026
300 ## - PAGE DESCRIPTION
No. of Pages 1801
650 ## - SUBJECT ADDED ENTRY--TOPICAL TERM
Topical term or geographic name as entry element MEDICINE
653 ## - KEYWORDS--INDEX TERM
Keyword term CMDT
942 ## - ADDED ENTRY ELEMENTS (KOHA)
Source of classification or shelving scheme Dewey Decimal Classification
Koha item type Books
Holdings
Withdrawn status Lost status Source of classification or shelving scheme Damaged status Not for loan Collection code Home library Current library Shelving location Date acquired Vendor Name Cost, normal purchase price SGTU Bill Number Total Checkouts Total Renewals Full call number Accession No. (Barcode) Checked out Date last seen Date last borrowed Bill Date Koha item type
    Dewey Decimal Classification     MEDICAL SGT Medical Library SGT Medical Library Reference Book 29/11/2025 ABC DELHI 5638.00 SGTU 22053 3 1 616.0757 E21P FM16252 01/07/2026 01/06/2026 01/06/2026 29/11/2025 Books